000 00548nam a2200229 a 4500
001 nice12345678
003 IN_TiNIC
005 20260116011413.0
008 070706s1893 dela grp 000 0 urd
020 _a
_c100
082 0 0 _a297.61
_bNAM
100 _aNamani, Shibli
245 _aSearatul Naman
260 _aDelhi
_bNo Publisher
_c1893
300 _a164p
500 _aincludes index and biblioraphy
650 _aIslam-Biography-Ulama-Abu-Hanifa
700 1 _aNamani, Shibli
902 _bSRS
942 _cBK
999 _c1223
_d1223